Normal view MARC view

Entry Personal Name

Number of records used in: 2

001 - CONTROL NUMBER

  • control field: 46219

003 - CONTROL NUMBER IDENTIFIER

  • control field: dpl

005 - DATE AND TIME OF LATEST TRANSACTION

  • control field: 20120502132544.0

008 - FIXED-LENGTH DATA ELEMENTS

  • fixed length control field: 120502|||a|||||| | ||| d

040 ## - CATALOGING SOURCE

  • Original cataloging agency: dpl
  • Transcribing agency: dpl

100 ## - HEADING--PERSONAL NAME

  • Personal name: Dubey, Ajay Kumar

670 ## - SOURCE DATA FOUND

  • Source citation: Work cat.: (dpl): Dubey, Ajay Kumar, Indo-African relation in the post-Nehru era (1965-1985) /, 1990

670 ## - SOURCE DATA FOUND

  • Source citation: Work cat.: (dpl): Dubey, Ajay Kumar, Indo-African relation in the post-Nehru era (1965-1985) /, 1990

© Delhi Public Library
Hit Counter
free hit counter